Score 0/33 Timer 03:00
0 Plays Today
Clue 3-Letter Word % Correct
Hive-based insectBEE
98%
'___ sells seashells by the seashore'SHE
97.5%
Chevy Chase's 'Nothing ___ Trouble'BUT
97.4%
Use ones eyesSEE
97.3%
WagerBET
96.3%
★ First word of an Ernest Hemingway title ★ THE
94.7%
★ Fifth word of an Ernest Hemingway title ★ THE
94.7%
In baseball, not safeOUT
94.1%
The finaleEND
91.7%
Foot wiping location at the front doorMAT
90.9%
Total upADD
90.5%
Not evenODD
90.5%
IngestEAT
90.3%
AttemptTRY
88.9%
Provide helpAID
87.5%
'Know __ Enemy'THY
86.8%
'Much ___ about Nothing'ADO
86.7%
Clue 3-Letter Word % Correct
Three, in ItalianTRE
85.9%
Golfer's holderTEE
83.6%
★ Fourth word of an Ernest Hemingway title ★ AND
81.2%
Pekoe or chamomile, e.g.TEA
79.9%
Mineral to extract metals fromORE
79%
A year in SpainAÑO
78.9%
Treebeard or Beechbone, e.g.ENT
78.6%
A poem of praiseODE
78.2%
★ Last word of an Ernest Hemingway title ★ SEA
73.5%
★ Second word of an Ernest Hemingway title ★ OLD
73.4%
★ Third word of an Ernest Hemingway title ★ MAN
72.3%
Shapeshifter from 'Star Trek: Deep Space 9'ODO
67.2%
Romanian river that flows to the DanubeOLT
64.6%
Make free of or disencumberRID
55.2%
Neato or groovy!RAD
54.2%
1985 Akira Kurosawa filmRAN
47.7%

Today's Daily Dose

Remove Ads.
Support Sporcle.
Get the best of Sporcle when you Go Orange. This ad-free experience offers more features, more stats, and more fun while also helping to support Sporcle. Thank you for becoming a member.

You're not logged in!

Compare scores with friends on all Sporcle quizzes.
OR
Log In

Show Comments

Extras

Top Quizzes Today


Score Distribution

Your Account Isn't Verified!

In order to create a playlist on Sporcle, you need to verify the email address you used during registration. Go to your Sporcle Settings to finish the process.

Report this User

Report this user for behavior that violates our Community Guidelines.

Details: